Profil archeologie středověku : studie věnované Janu Frolíkovi /
| Další autoři: | Kapustka, Katarína, 1985-, Frolík, Jan, 1956- |
|---|---|
| Jazyk: | Němčina Slovenština Čeština Angličtina |
| Vydáno: |
Praha : Archeologický ústav AV ČR, Praha, v.v.i., 2018 |
| Vydání: | Vydání první |
| Témata: | |
| Fyzický popis: |
309 stran : ilustrace (převážně barevné), mapy, plány, faksimile ; 30 cm |
| Language note: |
Částečně anglický, německý a slovenský text; česká, anglická a slovenské resumé |
|
| LEADER | 02830nam a2200721 i 4500 | ||
|---|---|---|---|
| 001 | nkc20193070793 | ||
| 003 | CZ PrNK | ||
| 005 | 20241125132510.0 | ||
| 007 | ta | ||
| 008 | 190115s2018 xr abehf 010 0dcze | ||
| 015 | |a cnb003070793 | ||
| 020 | |a 978-80-7581-014-4 |q (brožováno) | ||
| 035 | |a (OCoLC)1089702202 | ||
| 040 | |a BOA001 |b cze |d ABA001 |e rda | ||
| 041 | 0 | |a cze |a eng |a ger |a slo |b cze |b eng |b slo | |
| 043 | |a e-xr--- | ||
| 045 | |a x-y- | ||
| 072 | 7 | |a 902 |x Archeologie |2 Konspekt |9 8 | |
| 080 | |a 902-051 |2 MRF | ||
| 080 | |a 929 |2 MRF | ||
| 080 | |a 902"04/14" |2 MRF | ||
| 080 | |a 902.2 |2 MRF | ||
| 080 | |a 001.891.55 |2 MRF | ||
| 080 | |a (437.3) |2 MRF | ||
| 080 | |a (048.8) |2 MRF | ||
| 080 | |a (082) |2 MRF | ||
| 080 | |a (082.2) |2 MRF | ||
| 245 | 0 | 0 | |a Profil archeologie středověku : |b studie věnované Janu Frolíkovi / |c Katarína Kapustka (ed.) |
| 250 | |a Vydání první | ||
| 264 | 1 | |a Praha : |b Archeologický ústav AV ČR, Praha, v.v.i., |c 2018 | |
| 300 | |a 309 stran : |b ilustrace (převážně barevné), mapy, plány, faksimile ; |c 30 cm | ||
| 336 | |a text |b txt |2 rdacontent | ||
| 337 | |a bez média |b n |2 rdamedia | ||
| 338 | |a svazek |b nc |2 rdacarrier | ||
| 500 | |a Vychází u příležitosti 60. výročí narození Jana Frolíka | ||
| 504 | |a Obsahuje bibliografie a bibliografické odkazy | ||
| 546 | |a Částečně anglický, německý a slovenský text; česká, anglická a slovenské resumé | ||
| 600 | 1 | 7 | |a Frolík, Jan, |d 1956- |7 jn19981001258 |2 czenas |
| 648 | 7 | |a 20.-21. století |7 ch462155 |2 czenas | |
| 650 | 0 | 7 | |a archeologové |7 ph118581 |z Česko |y 20.-21. století |2 czenas |
| 650 | 0 | 7 | |a archeologie středověku |7 ph118579 |2 czenas |
| 650 | 0 | 7 | |a archeologické výzkumy |7 ph118577 |2 czenas |
| 650 | 0 | 7 | |a archeologické výzkumy |7 ph118577 |z Česko |2 czenas |
| 650 | 0 | 7 | |a terénní výzkum |7 ph496683 |z Česko |2 czenas |
| 650 | 0 | 9 | |a archaeologists |z Czechia |y 20th-21st centuries |2 eczenas |
| 650 | 0 | 9 | |a medieval archaeology |2 eczenas |
| 650 | 0 | 9 | |a excavations (archaeology) |2 eczenas |
| 650 | 0 | 9 | |a excavations (archaeology) |z Czechia |2 eczenas |
| 650 | 0 | 9 | |a field research |z Czechia |2 eczenas |
| 655 | 7 | |a studie |7 fd133597 |2 czenas | |
| 655 | 7 | |a sborníky |7 fd163935 |2 czenas | |
| 655 | 7 | |a jubilejní publikace |7 fd131839 |2 czenas | |
| 655 | 9 | |a studies |2 eczenas | |
| 655 | 9 | |a papers of several authors |2 eczenas | |
| 655 | 9 | |a jubilee books |2 eczenas | |
| 700 | 1 | |a Kapustka, Katarína, |d 1985- |7 av2012717794 |4 edt | |
| 700 | 1 | |a Frolík, Jan, |d 1956- |7 jn19981001258 |4 hnr | |
| 910 | 2 | |a BOA001 |b 4-1419.628 | |
| 990 | |a BK | ||
| 995 | |a 01 | ||
| 991 | |b 201901 |c NOV | ||
| 996 | 6 | |b 2610768499 |c 4-1419.628 |l MZK |r Sklad / do 1 hodiny |n 0 |p p.v. |w 001703638 |u 000010 |a 1 |e BOA001 |j MZK50 |s P | |
| 996 | 7 | |b 2610830259 |c 4-1419.628 |l Vol.výběr |r VV 1p |n 4 |p kup |h 902 KAP |w 001703638 |u 000020 |a 0 |e BOA001 |j MZK50 |s A | |
English
Čeština 